| 000 | 00518nam a2200157Ia 4500 | ||
|---|---|---|---|
| 008 | 191111s9999 xx 000 0 und d | ||
| 020 | _a9781975126995 | ||
| 100 | _aSilbert-Flagg, JoAnne. | ||
| 245 |
_cJoAnne Silbert-Flagg.-- _aMaternal & child health nursing : _bcare of the childbearing & childrearing family / |
||
| 250 | _a8th ed | ||
| 260 |
_aUSA : _bWolters Kluwer _c2018 |
||
| 300 | _axxxii, 1659 pages. | ||
| 440 | _vvol 1 | ||
| 650 | _aMaternala nd infant welfare | ||
| 650 | _aNursing -- study and teaching | ||
| 999 |
_c362580 _d362580 |
||